Supervision : Concepts and skill-building

"Certo's Supervision: Concepts and Skill Building 6th Edition" prepares students to be supervisors in a challenging modern workplace. It is based on the premise that organizational variables including diversity in the workforce, computer and communication technology, and the design of...

Descrición completa

Gardado en:
Detalles Bibliográficos
Autor Principal: Certo, Samuel C.
Formato: Libro
Idioma:Undetermined
Publicado: Boston McGraw-Hill 2006
Những chủ đề:
Các nhãn: Engadir etiqueta
Sen Etiquetas, Sexa o primeiro en etiquetar este rexistro!
Thư viện lưu trữ: Trung tâm Học liệu Trường Đại học Cần Thơ
LEADER 01135nam a2200217Ia 4500
001 CTU_100747
008 210402s9999 xx 000 0 und d
020 |c 463000 
082 |a 658.3 
082 |b C418 
100 |a Certo, Samuel C. 
245 0 |a Supervision : 
245 0 |b Concepts and skill-building 
245 0 |c Samuel C. Certo 
260 |a Boston 
260 |b McGraw-Hill 
260 |c 2006 
520 |a "Certo's Supervision: Concepts and Skill Building 6th Edition" prepares students to be supervisors in a challenging modern workplace. It is based on the premise that organizational variables including diversity in the workforce, computer and communication technology, and the design of organization structures are constantly changing. Overall, this text focuses on discussing important supervision concepts and providing fundamental skills necessary for applying these concepts. Students will learn the critical role of a supervisor in an organization and the abilities needed to be successful. 
650 |a Supervision of employees 
904 |i Truc 
980 |a Trung tâm Học liệu Trường Đại học Cần Thơ